000 00722nam a2200241 i 4500
001 186593
003 SpMaBN
005 20230906222712.0
008 161202s1994 sp |||| |dspa d
020 _a84-8135-035-4
080 _a72(038)
100 1 _aMadariaga, Luis de.
_975289
245 1 0 _aDiccionario técnico de arquitectura /
_cpor Luis de Madariaga.
246 1 4 _aDiccionario de arquitectura
250 _aEd. 1994.
260 _aBarcelona :
_bRoyal Books,
_c1994.
300 _a[4], 194 p. ;
_c22 cm.
490 1 _aDiccionarios Royal Books
650 7 _aArquitectura-
_vDiccionarios.
_9155690
830 0 _aDiccionarios Royal Books
_9192584
852 _aES-MaACL
_jL-30978
999 _c186593
_d186593